000 01016nam a2200301Ia 4500
001 Para_1329
003 CHAP
008 220125s1998 xx 000 0 und d
010 _a200037
040 _cCHAP
090 _aPA TESIS 1270
100 _aVidrio Betancourt, Armando
_9119277
245 _aIdentificación de ácaros asociados al cultivo de gerbera (Gerbera jamesonii H. Bolus), en los municipios de Villa Guerrero y Texcoco, Estado de México /
_c por Armando Vidrio Betancourt
260 _aChapingo, Méx. :
_b El autor
300 _a88 h.
502 _aTesis (Ing. Agr. Esp. en Parasitología Agrícola), UACh. Depto. Parasitología
650 _aAcaros
650 _aFlores
_x plagas
_941398
650 _aGerbera
_947710
710 _aUACh. Departamento de Parasitología Agrícola
_9115877
901 _aPA TESIS 1270
902 _aA
905 _a0000001998 a 0000000000 00
910 _a1998
942 _cPARA
942 _cPARA
_d1
999 _c200037
_d200037